000 00705nam a22001935i 4500
001 157452
003 ES-MaACL
005 20250725035426.0
008 010217s1855 fr a |||| | fre d
040 _aNA
_bspa
_cNA
100 1 _aLefèvre, Théotiste.
_9128847
245 1 0 _aGuide pratique de compositeur d'imprimerie /
_cpar Thèotiste Lefevre.
260 _aParis :
_bLibrairie de Firmin Didot frères,
_c1855.
300 _aX, 440 p., [1] h. pleg. :
_bil. ;
_c25 cm.
650 7 _aImprenta
_2embne
_913605
752 _aFrancia -
_dParís
852 _aES-MaACL
_jG-11260
_z-- Enc. hol. grab.
_x-- Edic.: corregir en tít. "Guide pratique du compositeur d'imprimerie"
999 _c157452
_d157452